| 000 | 00597nam a2200241 a 4500 | ||
|---|---|---|---|
| 001 | 0001-1408 | ||
| 003 | ELIB.Books | ||
| 008 | 160805 2010 eng | ||
| 020 | _a13:9781576580189 | ||
| 035 | _a(ELIB.Books)0001-1563 | ||
| 092 |
_aB _bBen |
||
| 100 | _aBenge, Janet. | ||
| 245 | _aAmy Carmichale: Rescuer of Precious Gems | ||
| 260 |
_aWaco _bYWAM Publishing _c2012 |
||
| 300 |
_a203 _c20.5 Cm |
||
| 500 | _aTansy Kadoe | ||
| 650 | _aBiography | ||
| 856 |
_nKBTS Library _uKBTS: ELIB |
||
| 942 |
_2ddc _cBK |
||
| 990 | _a1 | ||
| 998 |
_cbat _e2016-08-05 |
||
| 999 |
_c11408 _d11408 |
||